Statistics for Astros 2019 Opening Day Lineup

Click here to take the quiz!

General Stats

  • This quiz has been taken 93 times
    (81 since last reset)
  • The average score is 8 of 10

Answer Stats

PlayerAnswer% Correct
2BJose Altuve
98%
3BAlex Bregman
97%
SSCarlos Correa
97%
SPJustin Verlander
97%
1BYuli Gurriel
90%
RFGeorge Springer
85%
LFMichael Brantley
73%
CFJake Marisnick
48%
CRobinson Chirinos
48%
DHTyler White
28%

Score Distribution

Percentile by Number Answered

Percent of People with Each Score

Your Score History

You have not taken this quiz since the last reset